00982nam a2200229Ia 4500003000900000008004100009020001800050040001600068080002200084111008700106245020900193260005800402300001800460490003600478650002900514650002300543700003200566700003100598942000700629999001700636952009900653IN-BaIIA211028s9999 xx 000 0 eng d a1-886733-91-0 cIIA Library a082.2:52bASP-169 aEuropean Workshop on White Dwarfsn11cTromso, Norwayd1998 June 29- July 3923450 0aWhite dwarfsbproceedings of the 11th European workshop on white dwarfs, held in Tromso, Norway, 29 Jun - 3 Jul 1998cedited by J. E. Solheim and E. G. Meistas  aCaliforniabAstronomical Society of the Pacificc1999 axxxiii, 577p. aASP conference series; vol. 169 aWhite dwarf stars916514 aWhite dwarfs96553 aMeistas, E. G ., ed.923451 aSolheim, J. E., ed.915833 cBK c13362d13362 00104070aBANbBANcGENd0000-00-00l0o082.2:52/ ASP-169p14281r2021-11-05w0000-00-00yBK